000 00752nam a2200253Ia 4500
003 OSt
005 20220927110409.0
006 a|||||r|||| 00| 0
007 ta
008 220926b |||||||| |||| 00| 0 eng d
024 _a55559
037 _cReports
040 _aRTL
_cRTL
_beng
041 _2eng
_aeng
082 _a"X:9-16.243.N7, M6/GD"
110 _a"Punjab, Economic Adviser"
245 0 _aReport on the working class family income and expependiture survey in Punjab.
260 _aChandigarh
_bGovernment Press India
_c1986
490 _v1986-87
650 _aLabour Economics
700 _a"Punjab, Economic Adviser"
942 _h"X:9-16.243.N7, M6/GD"
_cCC
999 _c696348
_d696348